000 00258nam a22001217a 4500
082 _a537.5357 CLA'A
100 _aCLARK, G. L
_957054
245 _aAPPLIEDS X-RAYS
250 _a4TH
260 _aNEWYORK
_bMCGRAW HILL
_c1955
300 _a843P
942 _cBK
999 _c567361
_d567361